<?xml version="1.0" encoding="UTF-8"?>
<collection xmlns="http://www.loc.gov/MARC21/slim">
<record>
  <controlfield tag="001">124001</controlfield>
  <controlfield tag="005">20240319081028.0</controlfield>
  <datafield tag="024" ind1="7" ind2=" ">
    <subfield code="2">doi</subfield>
    <subfield code="a">10.1186/s40317-022-00312-z</subfield>
  </datafield>
  <datafield tag="024" ind1="8" ind2=" ">
    <subfield code="2">sideral</subfield>
    <subfield code="a">132584</subfield>
  </datafield>
  <datafield tag="037" ind1=" " ind2=" ">
    <subfield code="a">ART-2022-132584</subfield>
  </datafield>
  <datafield tag="041" ind1=" " ind2=" ">
    <subfield code="a">eng</subfield>
  </datafield>
  <datafield tag="100" ind1=" " ind2=" ">
    <subfield code="a">Abecia, J. A.</subfield>
    <subfield code="u">Universidad de Zaragoza</subfield>
    <subfield code="0">(orcid)0000-0003-2827-3054</subfield>
  </datafield>
  <datafield tag="245" ind1=" " ind2=" ">
    <subfield code="a">Bio-loggers inserted in intravaginal sponges, or subcutaneously, as tools to measure body temperature</subfield>
  </datafield>
  <datafield tag="260" ind1=" " ind2=" ">
    <subfield code="c">2022</subfield>
  </datafield>
  <datafield tag="506" ind1="0" ind2=" ">
    <subfield code="a">Access copy available to the general public</subfield>
    <subfield code="f">Unrestricted</subfield>
  </datafield>
  <datafield tag="520" ind1="3" ind2=" ">
    <subfield code="a">The body temperature of animals can be measured by thermistors, thermocouples, or radiotelemetry devices that are implanted surgically under the skin, although the suitability of subcutaneous temperature as an indicator of core temperature can be limited because of abnormal temperature readings, probably affected by ambient temperature and animal inactivity. This study compared the use of bio-loggers designed to monitor subcutaneous temperature (Tsub), with their use embedded in intravaginal sponges to measure vaginal temperature (Tvag). Three ewes were implanted with a subcutaneous temperature bio-logger that was configured to record Tsub every 30 min for a month. Ewes were given an intravaginal sponge for 12 days two days later. Inside the sponges were installed programmed bio-loggers that measured Tvag every 5 min. The ambient temperature (Tamb) and relative humidity were monitored using mini data-loggers. Mean Tsub was lower (P &amp;lt; 0.001) during the day (38.02 ± 0.02 °C) than at night (38.10 ± 0.02 °C), with maximum Tsub (38.57 °C) at 20:00 h and minimum temperature (37.36 °C) at 08:00 h; however, mean Tvag was higher (P &amp;lt; 0.001) during the day (38.71 ± 0.01 °C) than at night (38.62 ± 0.01 °C), with maximum Tsub (39.02 °C) at 20:55 h and minimum temperature (38.33 °C) occurred at 08:25 h. Mean Tsub (38.08 ± 0.02 °C) was lower (P &amp;lt; 0.0001) than was Tvag (38.65 ± 0.10 °C) in the daytime and at night (P &amp;lt; 0.001). Both temperatures had a 24-h rhythm (P &amp;lt; 0.0001), but differed (P &amp;lt; 0.001) in the mean midline estimating statistic of rhythm (MESOR) (Tvag: 38.67 ± 0.02 °C, Tsub: 38.09 ± 0.02 °C), amplitude (Tvag: 0.21° ± 0.01C; Tsub: 0.25 ± 0.01 °C), and acrophase (Tvag: 18:27 ± 0.38 h, Tsub: 20:48 ± 0.44 h). The coefficient of correlation between the two temperatures, measured simultaneously for 12 d was 0.644 (P &amp;lt; 0.01), and between Tamb and the two physiological temperatures, measured at the same time throughout the 12 d experiment, was 0.319 (P &amp;lt; 0.01) for Tsub and 0.287 (P &amp;lt; 0.01) for Tvag. The linear regression analysis of the 24 h circadian rhythm in Tsub and Tvag indicated a high coefficient of determination with Tvag (0.9255) and a lower coefficient of determination with Tsub (0.4292). In conclusion, the integration of a mini body temperature logger into a vaginal sponge, or their subcutaneous insertion, provided a continuous and accurate record of body temperature. Furthermore, the strong correlation between mean 24 h circadian Tvag and Tamb, demonstrated the usefulness of Tvag in biometeorological studies in sheep. As an alternative to employing these devices subcutaneously, they can also can be utilized as a biomarker of core body temperature inserted in vaginal sponges.</subfield>
  </datafield>
  <datafield tag="540" ind1=" " ind2=" ">
    <subfield code="9">info:eu-repo/semantics/openAccess</subfield>
    <subfield code="a">by</subfield>
    <subfield code="u">http://creativecommons.org/licenses/by/3.0/es/</subfield>
  </datafield>
  <datafield tag="590" ind1=" " ind2=" ">
    <subfield code="a">2.7</subfield>
    <subfield code="b">2022</subfield>
  </datafield>
  <datafield tag="591" ind1=" " ind2=" ">
    <subfield code="a">MARINE &amp; FRESHWATER BIOLOGY</subfield>
    <subfield code="b">22 / 109 = 0.202</subfield>
    <subfield code="c">2022</subfield>
    <subfield code="d">Q1</subfield>
    <subfield code="e">T1</subfield>
  </datafield>
  <datafield tag="591" ind1=" " ind2=" ">
    <subfield code="a">BIODIVERSITY CONSERVATION</subfield>
    <subfield code="b">21 / 65 = 0.323</subfield>
    <subfield code="c">2022</subfield>
    <subfield code="d">Q2</subfield>
    <subfield code="e">T1</subfield>
  </datafield>
  <datafield tag="591" ind1=" " ind2=" ">
    <subfield code="a">ECOLOGY</subfield>
    <subfield code="b">75 / 171 = 0.439</subfield>
    <subfield code="c">2022</subfield>
    <subfield code="d">Q2</subfield>
    <subfield code="e">T2</subfield>
  </datafield>
  <datafield tag="592" ind1=" " ind2=" ">
    <subfield code="a">0.813</subfield>
    <subfield code="b">2022</subfield>
  </datafield>
  <datafield tag="593" ind1=" " ind2=" ">
    <subfield code="a">Instrumentation</subfield>
    <subfield code="c">2022</subfield>
    <subfield code="d">Q1</subfield>
  </datafield>
  <datafield tag="593" ind1=" " ind2=" ">
    <subfield code="a">Animal Science and Zoology</subfield>
    <subfield code="c">2022</subfield>
    <subfield code="d">Q1</subfield>
  </datafield>
  <datafield tag="593" ind1=" " ind2=" ">
    <subfield code="a">Signal Processing</subfield>
    <subfield code="c">2022</subfield>
    <subfield code="d">Q2</subfield>
  </datafield>
  <datafield tag="593" ind1=" " ind2=" ">
    <subfield code="a">Computer Networks and Communications</subfield>
    <subfield code="c">2022</subfield>
    <subfield code="d">Q2</subfield>
  </datafield>
  <datafield tag="594" ind1=" " ind2=" ">
    <subfield code="a">4.2</subfield>
    <subfield code="b">2022</subfield>
  </datafield>
  <datafield tag="655" ind1=" " ind2="4">
    <subfield code="a">info:eu-repo/semantics/article</subfield>
    <subfield code="v">info:eu-repo/semantics/publishedVersion</subfield>
  </datafield>
  <datafield tag="700" ind1=" " ind2=" ">
    <subfield code="a">Luis, S.</subfield>
  </datafield>
  <datafield tag="700" ind1=" " ind2=" ">
    <subfield code="a">Canto, F.</subfield>
  </datafield>
  <datafield tag="700" ind1=" " ind2=" ">
    <subfield code="a">Palacios, C.</subfield>
  </datafield>
  <datafield tag="710" ind1="2" ind2=" ">
    <subfield code="1">2008</subfield>
    <subfield code="2">700</subfield>
    <subfield code="a">Universidad de Zaragoza</subfield>
    <subfield code="b">Dpto. Produc.Animal Cienc.Ali.</subfield>
    <subfield code="c">Área Producción Animal</subfield>
  </datafield>
  <datafield tag="773" ind1=" " ind2=" ">
    <subfield code="g">10 (2022), 37[11 pp.]</subfield>
    <subfield code="t">Animal Biotelemetry</subfield>
    <subfield code="x">2050-3385</subfield>
  </datafield>
  <datafield tag="856" ind1="4" ind2=" ">
    <subfield code="s">2361666</subfield>
    <subfield code="u">http://zaguan.unizar.es/record/124001/files/texto_completo.pdf</subfield>
    <subfield code="y">Versión publicada</subfield>
  </datafield>
  <datafield tag="856" ind1="4" ind2=" ">
    <subfield code="s">2594694</subfield>
    <subfield code="u">http://zaguan.unizar.es/record/124001/files/texto_completo.jpg?subformat=icon</subfield>
    <subfield code="x">icon</subfield>
    <subfield code="y">Versión publicada</subfield>
  </datafield>
  <datafield tag="909" ind1="C" ind2="O">
    <subfield code="o">oai:zaguan.unizar.es:124001</subfield>
    <subfield code="p">articulos</subfield>
    <subfield code="p">driver</subfield>
  </datafield>
  <datafield tag="951" ind1=" " ind2=" ">
    <subfield code="a">2024-03-18-16:58:48</subfield>
  </datafield>
  <datafield tag="980" ind1=" " ind2=" ">
    <subfield code="a">ARTICLE</subfield>
  </datafield>
</record>
</collection>